000 01414cab a2200301 4500
001 WB3341-39
008 090401t1997 xxu||||| |||| 00| 0 eng d
035 _a(Sirsi) u81572
041 _aeng
245 _aLaw reports round-up
260 _c1997
350 _a0
490 _aEstates Gazette
_v(9742) 18 October 1997, 173(1)
520 _aSummarises the issues of two law reports originally covered in EGLR. "Shotley Point Marina (1986) Ltd v Spalding" [1997] 1 EGLR 233 concerns interim continuation of a lease under the Landlord and Tenant Act 1954. "Northumberland & Durham Property Trust Ltd v London Rent Assessment Committee" [1997] 1 EGLR 236 looks at fair rents.
650 _aFAIR RENT
650 _aINTERIM LEASE
650 _aLANDLORD AND TENANT ACT 1954 S64
650 _aLEASE RENEWAL
650 _aNORTHUMBERLAND AND DURHAM PROPERTY TRUST LTD V LONDON RENT ASSESSMENT COMMITTEE AND BORKOWSKI
650 _aNORTHUMBERLAND AND DURHAM PROPERTY TRUST LTD V LONDON RENT ASSESSMENT COMMITTEE AND BULLOCK
650 _aNORTHUMBERLAND AND DURHAM PROPERTY TRUST LTD V LONDON RENT ASSESSMENT COMMITTEE AND COWDERY AND ANOTHER
650 _aRENT REVIEWS
650 _aSHOTLEY POINT MARINA (1986) LTD V SPALDING
650 _aSPATH HOLME LTD V GREATER MANCHESTER AND LANCASHIRE RENT ASSESSMENT COMMITTEE
690 _aLANDLORD AND TENANT-CASE LAW
942 _n0
948 _c21/10/1997
999 _c51404
_d51404